La metamorfosis /
Guardado en:
| Autor Principal: | |
|---|---|
| Formato: | Libro |
| Idioma: | Undetermined |
| Publicado: |
Posadas :
Beeme,
2008.
|
| Edición: | 3a ed. |
| Materias: | |
| Etiquetas: |
Agregar Etiqueta
Sin Etiquetas, Sea el primero en etiquetar este registro!
|
| LEADER | 00591nam a22002175a 4500 | ||
|---|---|---|---|
| 001 | CEM.cems018787 | ||
| 008 | 210907s2008####xx############000#0#und#d | ||
| 005 | 20221004161909.0 | ||
| 245 | 1 | 0 | |a La metamorfosis / |c Franz Kafka. |
| 250 | |a 3a ed. | ||
| 260 | |a Posadas : |b Beeme, |c 2008. | ||
| 300 | |a 80 p. | ||
| 500 | |a Incluye biografía del autor. | ||
| 020 | |a 9789872425647 | ||
| 100 | 1 | |a Kafka, Franz. | |
| 082 | 0 | 4 | |a 891.863 |
| 653 | |a Literatura | ||
| 653 | |a Literatura checa | ||
| 653 | |a Novelas | ||
| 653 | |a Novela checa | ||
| 859 | |a CEMS |b BIB. CEMS - 11 de abril |h 891.863 |i K110a3 |p 28414.19 |t Ej.1 | ||
